Family Feud #16 - Statistics

General Stats
  • This quiz has been taken 10 times
  • The average score is 1 of 5
Answer Stats
Hint Answer % Correct
10 Trap
56%
5 Net
44%
22 Lie
11%
24 Rain
11%
10 Traffic
0%
No matching quizzes found
Score Distribution
Percent of People with Each Score
Percentile by Number Answered
Your Score History
You have not taken this quiz